|
|
|
|
| LEADER |
01009cam a2200301 i 4500 |
| 001 |
AAL9160 |
| 003 |
BD-DhAAL |
| 005 |
20170914125935.0 |
| 008 |
170914s1980 nyu 000 1 eng |
| 999 |
|
|
|c 38291
|d 38291
|
| 010 |
|
|
|a 80013328
|
| 020 |
|
|
|a 0688036872
|
| 040 |
|
|
|a DLC
|c DLC
|d DLC
|d OCoLC
|d DLC
|d BD-DhAAL
|
| 050 |
0 |
0 |
|a PS3569.H3927
|b R34
|
| 082 |
0 |
0 |
|a 813/.54
|
| 100 |
1 |
|
|a Sheldon, Sidney.
|9 22137
|
| 245 |
1 |
0 |
|a Rage of angels /
|c by Sidney Sheldon.
|
| 250 |
|
|
|a 1st ed.
|
| 260 |
|
|
|a New York :
|b W. Morrow,
|c 1980.
|
| 300 |
|
|
|a 504 p. ;
|c 22 cm.
|
| 541 |
|
|
|e 9160
|
| 650 |
|
0 |
|a Women lawyers
|x Fiction.
|9 22138
|
| 650 |
|
0 |
|a Public prosecutors
|x Fiction.
|9 22139
|
| 651 |
|
0 |
|a New York (N.Y.)
|x Fiction.
|9 22140
|
| 655 |
|
7 |
|a Legal stories.
|2 gsafd
|9 22141
|
| 852 |
|
|
|a Savar Campus Library
|c General Shelf
|
| 942 |
|
|
|2 ddc
|c BK
|
| 952 |
|
|
|0 0
|1 0
|2 ddc
|4 0
|6 813_000000000000000__54_SHE
|7 0
|9 61278
|a SCL
|b SCL
|c GEN
|d 2017-09-14
|g 100.00
|l 9
|m 43
|o 813.54 SHE
|p 3020009160
|r 2025-09-05
|s 2025-08-11
|t 1
|w 2017-09-14
|y BK
|